000 01336nam a2200325Ia 4500
001 ebr10631318
003 CaPaEBR
006 m u
007 cr cn|||||||||
008 120518s2013 nju sbf 001 0 eng d
010 _z 2012020185
020 _z9781118067833 (cloth)
020 _z9781118333051 (ebook)
040 _aCaPaEBR
_cCaPaEBR
035 _a(OCoLC)794272366
050 1 4 _aUH755
_b.H36 2013eb
245 0 0 _aHandbook of military social work
_h[electronic resource] /
_cedited by Allen Rubin, Eugenia L. Weiss, Jose E. Coll.
260 _aHoboken, N.J. :
_bJohn Wiley & Sons,
_cc2013.
300 _axlii, 566 p.
504 _aIncludes bibliographical references and index.
533 _aElectronic reproduction.
_bPalo Alto, Calif. :
_cebrary,
_d2013.
_nAvailable via World Wide Web.
_nAccess may be limited to ebrary affiliated libraries.
650 0 _aMilitary social work
_zUnited States
_vHandbooks, manuals, etc.
651 0 _aUnited States
_xArmed Forces
_xMental health services
_vHandbooks, manuals, etc.
655 7 _aElectronic books.
_2local
700 1 _aColl, Jose E.
700 1 _aRubin, Allen.
700 1 _aWeiss, Eugenia L.
710 2 _aebrary, Inc.
856 4 0 _uhttp://site.ebrary.com/lib/rucke/Doc?id=10631318
_zAn electronic book accessible through the World Wide Web; click to view
999 _c52202
_d52202